000 00657nam a2200145Ia 4500
008 170221s9999 xx 000 0 und d
100 _aKadriya I. Sibgatova
245 4 _aThe Traditional and Innovative Technologies of Vocational Guidance Work with Pupils and Students
245 _cKadriya I. Sibgatova, Elena P. Ilchinskaya, Elena M. Bastrikova, Lyudmila L. Kuramshina, Alexandr L. Makarov, Natalya Y. Chernova, Elmira R. Khairullina, Vera V. Murugova
260 _bInternational Review of Management and Marketing
260 _c2016
300 _a6 : 2S
650 _xMarketing.
856 _uhttp://www.econjournals.com/index.php/irmm/issue/view/71
999 _c308605
_d308605